000 01095cab a2200181 4500
001 ##L133218
008 060420n2006 000 0 eng u
035 _a(Sirsi) u133218
041 0 _aeng
100 1 _aMorrison, Doug
245 0 0 _aDiscerning students drive up quality of facilities
260 _c2006
490 0 _aFacilities Management
_v13(7) April 2006, 10-12(3)
520 _aReports that an increasing number of universities are using the private sector to help fund student accommodation and other facilities. Both the private sector and an increasing number of universities believe that the standard of accommodation may be a crucial factor in attracting students, particularly those from abroad. The University Partnerships Programme (UPP), which offers a design-build-operate service to universities, has recently launched a facilities management division, and has also formed a public-private partnership with the University of Plymouth to develop its academic facilities.
590 _aIKA250406
690 _aPROPERTY-OTHER PROPERTY TYPES-HALLS OF RESIDENCE
942 _n0
999 _c76872
_d76872